| 000 | 00839cad a22001815a 4500 | ||
|---|---|---|---|
| 001 | E152370 | ||
| 008 | 110228s2010 xxk f 000 0 eng d | ||
| 035 | _a(Sirsi) u152370 | ||
| 041 | 0 | _aeng | |
| 110 | 2 |
_aEnglish Heritage _92714 |
|
| 245 | 0 | 0 |
_aNew uses for former places of worship _h[electronic resource] |
| 260 |
_a[S.l.] _bEH _c2010 |
||
| 520 | _aOffers guidance to local authorities and owners on the conversion of former places of worship to new uses. Should be read in conjunction with PPS5, the Historic Environment Planning Practice Guide (see E149657). | ||
| 651 | 4 |
_aEngland _y886- |
|
| 690 | _aBUILT ENVIRONMENT-BUILDING TYPES-ANCIENT MONUMENTS AND HISTORIC BUILDINGS | ||
| 856 | 4 | 0 |
_uhttps://www.helm.org.uk/upload/pdf/EH_Places-of-Worship-2010.pdf?1295496951 _zView the item free of charge at www.helm.org.uk |
| 942 | _n0 | ||
| 999 |
_c112024 _d112024 |
||